Пятнистый сфинкс : (Record no. 528419)
[ view plain ]
| 000 -LEADER | |
|---|---|
| fixed length control field | 01084nam a2200265 a 4500 |
| 001 - CONTROL NUMBER | |
| control field | 000161048 |
| 003 - CONTROL NUMBER IDENTIFIER | |
| control field | AM-YEHGA |
| 005 - DATE AND TIME OF LATEST TRANSACTION | |
| control field | 20250617164715.0 |
| 008 - FIXED-LENGTH DATA ELEMENTS--GENERAL INFORMATION | |
| fixed length control field | 030329s1983 ru a|||gr|||||||||0|rus|d |
| 040 ## - CATALOGING SOURCE | |
| Original cataloging agency | AM-YeHGA |
| 041 1# - LANGUAGE CODE | |
| Language code of text/sound track or separate title | rus |
| Language code of original | eng |
| 090 ## - LOCALLY ASSIGNED LC-TYPE CALL NUMBER (OCLC); LOCAL CALL NUMBER (RLIN) | |
| -- | 566628 |
| 100 1# - MAIN ENTRY--PERSONAL NAME | |
| Personal name | Адамсон, Джой |
| 245 10 - TITLE STATEMENT | |
| Title | Пятнистый сфинкс : |
| Remainder of title | Пиппа бросает вызов / |
| Statement of responsibility, etc. | Д. Адамсон ; Пер. с англ. М.Н. Ковалевой ; Предисл. В.Е. Флинта. |
| 250 ## - EDITION STATEMENT | |
| Edition statement | 4-е изд., стерeотип. |
| 260 ## - PUBLICATION, DISTRIBUTION, ETC. | |
| Place of publication, distribution, etc. | Москва : |
| Name of publisher, distributor, etc. | Мир, |
| Date of publication, distribution, etc. | 1983. |
| 300 ## - PHYSICAL DESCRIPTION | |
| Extent | 368 с. : |
| Other physical details | ил. ; |
| Dimensions | 22 см. |
| 534 ## - ORIGINAL VERSION NOTE | |
| Introductory phrase | Оригинал на англ. : |
| Title statement of original | The Spotted Sphinx : |
| Key title of original | Pipa's Challenge / |
| Main entry of original | Joy Adamson - |
| Publication, distribution, etc. of original | London : Collins and Harvill Press : 1972 |
| 650 14 - SUBJECT ADDED ENTRY--TOPICAL TERM | |
| Topical term or geographic name entry element | Экология |
| 650 14 - SUBJECT ADDED ENTRY--TOPICAL TERM | |
| Topical term or geographic name entry element | Животное и окружающая среда |
| 700 1# - ADDED ENTRY--PERSONAL NAME | |
| Personal name | Ковалева, М.Н. |
| Relator term | пер. |
| Relationship | trl |
| 700 1# - ADDED ENTRY--PERSONAL NAME | |
| Personal name | Флинт, В.Е. |
| Relator term | авт., предисл. |
| Relationship | aui |
| 740 0# - ADDED ENTRY--UNCONTROLLED RELATED/ANALYTICAL TITLE | |
| Uncontrolled related/analytical title | Пиппа бросает вызов |
| 942 ## - ADDED ENTRY ELEMENTS (KOHA) | |
| Koha item type | Գրքեր / Books |
| Source of classification or shelving scheme | Universal Decimal Classification |
| Withdrawn status | Lost status | Damaged status | Not for loan | Collection | Home library | Current library | Date acquired | Total checkouts | Full call number | Barcode | Date last seen | Price effective from | Koha item type | Public note |
|---|---|---|---|---|---|---|---|---|---|---|---|---|---|---|
| General | Fundamental Scientific Library | Fundamental Scientific Library | 08/09/2023 | РII/660896 | FL0671859 | 08/09/2023 | 08/09/2023 | Գրքեր / Books | 30 Days Loan |
ՀՀ Գիտությունների ազգային ակադեմիայի հիմնարար գիտական գրադարան = Fundamental Scientific Library of NAS RA
All site content, except where otherwise noted, is licensed under a